00257nam a2200109Ia 4500003000400000040000800004082001800012100001700030245005400047260003200101300001400133LDD cLDD a327.54047 N42 aBondar, Oleg 0aNew Theme on Russian- Indian AffairscOleg Bondar aNew DelhibRianovostic2008 aVol. vii.